000 01180nam a22003137a 4500
003 CHAP
005 20220329140338.0
008 971013s1976 r 00010 d
010 _a50740
011 _a51712
035 _a55862
040 _cCHAP
090 _aTesis
100 0 0 _aRodríguez Guajardo, Homero.
_998566
245 _aPruebas de 7 fechas con 6 varieades de rabanito (Raphanus sativa minor L.) en el campo agropecuario experimental de la Facultad de Agronomía de la Universidad Autónoma de Nuevo León, en el verano y otoño de 1974
260 _aMonterrey, N. L. :
_bEl autor,
_c1976
300 _a46 h.
502 _aTesis (Ing. Agr. Fitotecnista) -- Universidad Autónoma de Nuevo León. Facultad de Agronomía
590 _aALEPH
_b10
_c20130110
_lUCH01
_h1325
590 _aBATCH-UPD
_b10
_c20130110
_lUCH01
_h2251
590 _aBATCH-UPD
_b10
_c20130410
_lUCH01
_h1544
590 _aBATCH-UPD
_b10
_c20130914
_lUCH01
_h2005
590 _aCONVERSION
_b10
_c20130109
_lUCH01
_h1328
650 1 4 _aRábanos
_xFechas de siembra.
_997854
650 1 4 _aRábanos
_xVariedades.
_997862
901 _aBK
942 _cTESIS
949 _bBC
_cTES
_d-122333
_eTS1
_i55862
_si
999 _c50740
_d50740